[Event "Tournament for new players"]
[Site "SchemingMind.com"]
[Date "2006.05.05"]
[Round "-"]
[White "pawngrabber"]
[Black "Bettelstudent"]
[Result "1-0"]
[WhiteCountry "ENG"]
[BlackCountry "AUT"]
[WhiteElo "1900"]
[WhiteRD "108"]
[BlackElo "1300"]
[BlackRD "177"]
[GameID "49529"]

1. d4 Nf6 2. c4 g6 3. Nc3 Bg7 4. e4 d6 5. f4 O-O 6. Nf3 c5 7. d5 e6 8. Be2 exd5 9. cxd5 Bg4 10. O-O Nbd7
11. Re1 Re8 12. h3
1-0

[Event "Tournament for new players"]
[Site "SchemingMind.com"]
[Date "2006.05.06"]
[Round "-"]
[White "Bettelstudent"]
[Black "pawngrabber"]
[Result "0-1"]
[WhiteCountry "AUT"]
[BlackCountry "ENG"]
[WhiteElo "1300"]
[WhiteRD "177"]
[BlackElo "1900"]
[BlackRD "108"]
[GameID "49530"]

1. e4 d6 2. d4 Nf6 3. Nc3 g6 4. g3 Bg7 5. Bg2 O-O 6. Nge2 e5 7. h3 c5 8. dxe5 dxe5 9. Bg5 Nc6 10. Nd5 Qa5+
0-1

[Event "Tournament for new players"]
[Site "SchemingMind.com"]
[Date "2006.05.06"]
[Round "-"]
[White "kirst"]
[Black "pawngrabber"]
[Result "0-1"]
[WhiteCountry "USA"]
[BlackCountry "ENG"]
[WhiteElo "1154"]
[WhiteRD "177"]
[BlackElo "1911"]
[BlackRD "90"]
[GameID "49675"]

1. e4 d6 2. Nf3 Nf6 3. Nc3 g6 4. d4 Bg7 5. Bc4 O-O 6. O-O Nxe4 7. Nxe4 d5 8. Bxd5 Qxd5 9. Nc3 Qh5 10. Bg5 Bg4
11. Bxe7 Re8 12. Bb4 Nc6 13. a3 Nxd4 14. Qxd4 Bxd4 15. Nxd4 c5 16. Bxc5 Qxc5 17. h3 Bxh3 18. Nb3 Qg5 19. g3 Bxf1 20. Rxf1 Re5
0-1

[Event "Tournament for new players"]
[Site "SchemingMind.com"]
[Date "2006.05.06"]
[Round "-"]
[White "pawngrabber"]
[Black "kirst"]
[Result "1-0"]
[WhiteCountry "ENG"]
[BlackCountry "USA"]
[WhiteElo "1911"]
[WhiteRD "90"]
[BlackElo "1154"]
[BlackRD "177"]
[GameID "49677"]

1. d4 Nf6 2. c4 d5 3. Nc3 dxc4 4. e3 Bf5 5. Bxc4 Nc6 6. Nf3 Nb4 7. Qa4+ Nc6 8. d5 Bd7 9. dxc6 Bxc6 10. Bb5 Bxb5
11. Qxb5+ c6 12. Qxb7 Qc8 13. Qxc8+ Rxc8 14. O-O e6 15. b3 Bb4 16. Bb2 Nd5 17. Rac1 f6 18. Nxd5 exd5 19. a3 Bd6 20. Rc2 O-O
21. Rfc1
1-0

[Event "Tournament for new players"]
[Site "SchemingMind.com"]
[Date "2006.05.06"]
[Round "-"]
[White "McKnights"]
[Black "pawngrabber"]
[Result "1-0"]
[WhiteCountry "USA"]
[BlackCountry "ENG"]
[WhiteElo "1801"]
[WhiteRD "67"]
[BlackElo "1657"]
[BlackRD "221"]
[GameID "49680"]

1. e4 d6 2. d4 Nf6 3. Nc3 g6 4. Bg5 Bg7 5. Bc4 O-O 6. Nf3 Nxe4 7. Nxe4 d5 8. Bd3 dxe4 9. Bxe4 c6 10. O-O Nd7
11. c4 Nf6 12. Bc2 Bg4 13. Re1 Qc7 14. Qd3 Bf5 15. Qd2 Bxc2 16. Qxc2 Rfe8 17. Rad1 Rad8 18. Qd2 e6 19. Ne5 Rc8 20. Qe3 a6
21. f4 Nh5 22. g4 Nf6 23. h3 Nd7 24. Bh4 f6 25. Nf3 h6 26. c5 Kh7 27. Nd2 e5 28. dxe5 fxe5 29. f5 gxf5 30. gxf5 Rg8
31. Ne4 Rcf8 32. Rd6 Rxf5 33. Ng3 Rf4 34. Red1 Rd4 35. R1xd4 exd4 36. Qe7 d3 37. Rxd7 Qf4 38. Qe4+ Qxe4 39. Nxe4 Kh8 40. Kf1 Bxb2
41. Bf6+
1-0

[Event "Tournament for new players"]
[Site "SchemingMind.com"]
[Date "2006.05.06"]
[Round "-"]
[White "McKnights"]
[Black "kirst"]
[Result "1-0"]
[WhiteCountry "USA"]
[BlackCountry "USA"]
[WhiteElo "1801"]
[WhiteRD "67"]
[BlackElo "1322"]
[BlackRD "240"]
[GameID "49681"]

1. e4 e5 2. Nf3 Nc6 3. Nc3 Bc5 4. Bc4 d6 5. d3 Bg4 6. h3 Bxf3 7. Qxf3 Nf6 8. Bg5 Nd4 9. Qd1 O-O 10. Nd5 b5
11. Bb3 Nxb3 12. axb3 h6 13. Nxf6+ gxf6 14. Bxh6 Re8 15. Qg4+ Kh8 16. Qg7#
1-0

[Event "Tournament for new players"]
[Site "SchemingMind.com"]
[Date "2006.05.06"]
[Round "-"]
[White "McKnights"]
[Black "Bettelstudent"]
[Result "1-0"]
[WhiteCountry "USA"]
[BlackCountry "AUT"]
[WhiteElo "1805"]
[WhiteRD "60"]
[BlackElo "1300"]
[BlackRD "177"]
[GameID "49682"]

1. e4 c5 2. Nf3 Nc6 3. Nc3 e5 4. Bc4 Be7 5. d3 Nf6 6. Be3 O-O 7. Bb5 d6 8. O-O Nd4 9. Bc4 Bg4 10. Bxd4 cxd4
11. Nd5 Rc8 12. h3 Bh5 13. Nxe7+ Qxe7 14. Qe2 b5 15. Bb3 Nd7 16. Kh2 a5 17. a4 Nc5 18. Bd5
1-0

[Event "Tournament for new players"]
[Site "SchemingMind.com"]
[Date "2006.05.06"]
[Round "-"]
[White "pawngrabber"]
[Black "McKnights"]
[Result "1/2-1/2"]
[WhiteCountry "ENG"]
[BlackCountry "USA"]
[WhiteElo "1911"]
[WhiteRD "90"]
[BlackElo "1749"]
[BlackRD "58"]
[GameID "49683"]

1. d4 d5 2. c4 Nf6 3. Nc3 dxc4 4. e3 c6 5. Bxc4 b5 6. Bd3 Be6 7. Nf3 g6 8. O-O Bg7 9. Qc2 O-O 10. Bd2 Qb6
11. b4 Nbd7 12. Rfc1 Bg4 13. Ne4 Bxf3 14. Nxf6+ Nxf6 15. gxf3 Rac8 16. Qc5 Qxc5 17. Rxc5 Nd7 18. Rc2 e5 19. Rac1 exd4 20. exd4 Bxd4
21. Bxb5 Bb2 22. Rxb2 cxb5 23. Rbc2 Rxc2 24. Rxc2 Ne5 25. Be3 Nxf3+ 26. Kh1 Rd8 27. Rc7 a6 28. a3 Nh4 29. h3 Nf5 30. Bg5 Rd1+
31. Kg2 Kg7 32. Ra7 Rd6 33. Bc1 Kf6 34. Bb2+ Ke6 35. Bc1 Nd4 36. Bb2 Nb3 37. Bg7 Rc6 38. Bh6 Nd4 39. Bg7 f6 40. Bh6 Nc2
41. Rxh7 Nxa3 42. Ra7 g5 43. Bf8 Nc2 44. Bc5 Ne1+ 45. Kg3 Nd3 46. Bf8 Ne5 47. Bc5 Kf5 48. Ra8 Nd3 49. f3 Nxc5 50. bxc5 Rxc5
51. Rxa6 Rc1 52. Rb6 Rb1 53. h4 gxh4+ 54. Kxh4 b4 55. Kg3 b3 56. Rb5+ Kg6 57. Kg4 b2 58. Kf4 Kh7 59. Kf5 Rf1 60. Rxb2 Rxf3+
61. Kg4 Rf1 62. Ra2 Kg6 63. Rb2 f5+ 64. Kg3 Kg5 65. Ra2 Rb1 66. Kf3 Rb3+ 67. Kf2 Kg4 68. Kg2 f4 69. Kf2 Rh3 70. Kg1 Kg3
71. Rg2+ Kf3 72. Ra2 Rg3+ 73. Kf1 Kg4 74. Rg2 Kh3 75. Ra2 Rb3 76. Rc2 Kg3 77. Rg2+ Kf3 78. Rf2+ Ke3 79. Re2+ Kf3 80. Rf2+= Kg4
81. Rg2+ Kf5 82. Ra2 Ke4 83. Kf2 Rf3+ 84. Ke2 Re3+ 85. Kf2 Rd3 86. Re2+ Kf5 87. Ra2 Rh3 88. Kg2 Kg4 89. Ra4 Rb3 90. Ra2 Rb1
91. Kf2 Rb7 92. Ra3 Rb2+ 93. Kf1 f3 94. Ra8 Rb1+ 95. Kf2 Rb2+ 96. Kf1 Rb5 97. Kf2 Rb3 98. Rg8+ Kh5 99. Rf8 Kg4 100. Rg8+ Kf5
101. Rf8+ Ke4 102. Re8+ Kd4=
1/2-1/2

[Event "Tournament for new players"]
[Site "SchemingMind.com"]
[Date "2006.05.06"]
[Round "-"]
[White "kirst"]
[Black "McKnights"]
[Result "0-1"]
[WhiteCountry "USA"]
[BlackCountry "USA"]
[WhiteElo "1322"]
[WhiteRD "240"]
[BlackElo "1801"]
[BlackRD "67"]
[GameID "49684"]

1. e4 d5 2. exd5 Nf6 3. Bc4 Nxd5 4. Bxd5 Qxd5 5. Nc3 Qxg2 6. Qf3 Qg6 7. Nd5 Qc6 8. d4 Be6 9. Nb4 Qxf3 10. Nxf3 a5
11. Nd3 Bd5 12. Nfe5 Bxh1 13. d5 Bxd5 14. Bf4 Nc6 15. O-O-O Nxe5 16. Bxe5 e6 17. Nc5 Bxc5 18. b3 O-O 19. Rg1 f6 20. Bxc7 Bxf2
21. Rg2 Bxg2 22. Bd6 Rfd8 23. Be7 Be3+ 24. Kb2 Rd2 25. Kc3 Rc8+ 26. Kb2 Rcxc2+ 27. Ka3 Rxa2#
0-1

[Event "Tournament for new players"]
[Site "SchemingMind.com"]
[Date "2006.05.06"]
[Round "-"]
[White "Bettelstudent"]
[Black "McKnights"]
[Result "0-1"]
[WhiteCountry "AUT"]
[BlackCountry "USA"]
[WhiteElo "1300"]
[WhiteRD "177"]
[BlackElo "1805"]
[BlackRD "60"]
[GameID "49685"]

1. e4 d5 2. exd5 Nf6 3. d4 Nxd5 4. c4 Nf6 5. Nc3 e5 6. Qe2 Qxd4 7. Nf3 Qc5 8. Qxe5+ Qxe5+ 9. Nxe5 Bb4 10. Bd3 Be6
11. O-O O-O
0-1

[Event "Tournament for new players"]
[Site "SchemingMind.com"]
[Date "2006.05.06"]
[Round "-"]
[White "Alejandro Ramirez"]
[Black "McKnights"]
[Result "1-0"]
[WhiteCountry "CRC"]
[BlackCountry "USA"]
[WhiteElo "1886"]
[WhiteRD "287"]
[BlackElo "1805"]
[BlackRD "60"]
[GameID "49744"]

1. d4 d5 2. c4 Nf6 3. Nc3 Bf5 4. Bg5 e6 5. cxd5 Bb4 6. Qa4+ Nc6 7. dxc6 Qxd4 8. cxb7+ Ke7 9. Qc6 Rad8 10. Nf3 Qb6
11. Qxb6 axb6 12. Rc1 Rb8 13. Nd2 h6 14. Bxf6+ gxf6 15. e4 Bg6 16. Ba6 Rhd8 17. a3 Bc5 18. f3 Be3 19. Rd1 f5 20. Nc4 Rxd1+
21. Kxd1 fxe4 22. Nxe3 exf3 23. gxf3
1-0

[Event "Tournament for new players"]
[Site "SchemingMind.com"]
[Date "2006.05.06"]
[Round "-"]
[White "Alejandro Ramirez"]
[Black "pawngrabber"]
[Result "0-1"]
[WhiteCountry "CRC"]
[BlackCountry "ENG"]
[WhiteElo "1642"]
[WhiteRD "125"]
[BlackElo "1899"]
[BlackRD "78"]
[GameID "49745"]

1. c4 Nf6 2. Nc3 g6 3. e4 d6 4. d4 Bg7 5. Nf3 c5 6. dxc5 Qa5 7. Bd2 Qxc5 8. Be3 Qb4 9. a3 Qa5 10. b4 Qd8
11. Rc1 O-O 12. Be2 Nbd7 13. O-O a6 14. h3 Qc7 15. Nd5 Nxd5 16. cxd5 Qd8 17. Qd2 Ne5 18. Nxe5 Bxe5 19. f4 Bg7 20. Rc2 Bd7
21. Rfc1 Rc8 22. Bd4 Rxc2 23. Rxc2 Bxd4+ 24. Qxd4 Qb8 25. Qb6 Rc8 26. Rxc8+ Qxc8 27. Kh2 h5 28. e5 Qb8 29. Bxa6 dxe5
0-1

[Event "Tournament for new players"]
[Site "SchemingMind.com"]
[Date "2006.05.06"]
[Round "-"]
[White "Alejandro Ramirez"]
[Black "kirst"]
[Result "1-0"]
[WhiteCountry "CRC"]
[BlackCountry "USA"]
[WhiteElo "1642"]
[WhiteRD "125"]
[BlackElo "1143"]
[BlackRD "176"]
[GameID "49746"]

1. e4 Nf6 2. e5 Nd5 3. c4 Nb6 4. d4 d6 5. exd6 cxd6 6. h3 Bf5 7. Nc3 Nc6 8. a3= e5 9. Nf3 d5 10. cxd5 Nxd5
11. Nxd5 Qxd5 12. dxe5 Qxd1+ 13. Kxd1
1-0

[Event "Tournament for new players"]
[Site "SchemingMind.com"]
[Date "2006.05.07"]
[Round "-"]
[White "McKnights"]
[Black "Alejandro Ramirez"]
[Result "1-0"]
[WhiteCountry "USA"]
[BlackCountry "CRC"]
[WhiteElo "1776"]
[WhiteRD "60"]
[BlackElo "1642"]
[BlackRD "125"]
[GameID "49748"]

1. e4 c5 2. Nf3 Nc6 3. Nc3 e5 4. Bc4 Be7 5. d3 Nf6 6. Bg5 d6 7. Bxf6 Bxf6 8. Nd5 O-O 9. O-O Na5 10. Nd2 Nxc4
11. Nxc4 b5 12. Nce3 Be6 13. g3 Bg5 14. f4 exf4 15. Nxf4 Qf6 16. Ned5 Bxd5 17. Nxd5 Qxb2 18. Rf5 f6 19. Rb1 Qd4+ 20. Kg2 b4
21. h4 Bh6 22. Qh5 Kh8 23. g4 g6 24. Qxh6 gxf5 25. gxf5 Rf7 26. Kf3 Rd8 27. Ne3 d5 28. Nxd5 Rxd5 29. exd5
1-0

[Event "Tournament for new players"]
[Site "SchemingMind.com"]
[Date "2006.05.07"]
[Round "-"]
[White "pawngrabber"]
[Black "Alejandro Ramirez"]
[Result "1-0"]
[WhiteCountry "ENG"]
[BlackCountry "CRC"]
[WhiteElo "1899"]
[WhiteRD "78"]
[BlackElo "1642"]
[BlackRD "125"]
[GameID "49749"]

1. d4 d5 2. c4 dxc4 3. Nc3 a6 4. a4 e5 5. d5 c6 6. e4 Bb4 7. Bxc4 Nf6 8. Qd3 cxd5 9. exd5 O-O 10. Ne2 e4
11. Qg3 Bf5 12. O-O Nbd7 13. Nd4 Bg6 14. Ne6 fxe6 15. dxe6 Qc8 16. Ba2 Nb6 17. e7+ Rf7 18. Rd1 Bxe7 19. Bxf7+ Bxf7 20. Bg5 Nc4
21. b3 Na5 22. Rab1 Qf5 23. Bxf6 Bxf6 24. Qc7 Rc8 25. Qb6 Bxc3 26. Rd8+ Be8 27. Rbd1
1-0

[Event "Tournament for new players"]
[Site "SchemingMind.com"]
[Date "2006.05.06"]
[Round "-"]
[White "kirst"]
[Black "Alejandro Ramirez"]
[Result "0-1"]
[WhiteCountry "USA"]
[BlackCountry "CRC"]
[WhiteElo "1143"]
[WhiteRD "176"]
[BlackElo "1642"]
[BlackRD "125"]
[GameID "49750"]

1. e4 c5 2. Nf3 Nc6 3. Bc4 e6 4. d3 Na5 5. Nc3 Nxc4 6. dxc4 a6 7. Bf4 Ne7 8. O-O Ng6 9. Bd6 Be7 10. Bxe7 Qxe7
11. e5 O-O 12. Ne4 b6 13. g3 Bb7
0-1

[Event "Tournament for new players"]
[Site "SchemingMind.com"]
[Date "2006.05.06"]
[Round "-"]
[White "carpediem"]
[Black "McKnights"]
[Result "1-0"]
[WhiteCountry "USA"]
[BlackCountry "USA"]
[WhiteElo "1814"]
[WhiteRD "239"]
[BlackElo "1801"]
[BlackRD "67"]
[GameID "49755"]

1. d4 d5 2. Nf3 Nf6 3. e3 Bf5 4. c4 e6 5. Qb3 b6 6. Nc3 Be7 7. cxd5 Nxd5 8. e4 Nxc3 9. exf5 Nd5 10. Bc4 c6
11. fxe6 fxe6 12. O-O Qd6 13. Ne5 O-O 14. Qg3 Nd7 15. Bh6 Bf6 16. Rae1 Bxe5 17. dxe5 Qe7 18. f4 Rf7 19. Bd3 Nc5 20. Bg5 Qf8
21. Bb1 Na4 22. Qh3 Re8 23. Qxh7#
1-0

[Event "Tournament for new players"]
[Site "SchemingMind.com"]
[Date "2006.05.06"]
[Round "-"]
[White "carpediem"]
[Black "pawngrabber"]
[Result "0-1"]
[WhiteCountry "USA"]
[BlackCountry "ENG"]
[WhiteElo "1837"]
[WhiteRD "143"]
[BlackElo "1911"]
[BlackRD "90"]
[GameID "49756"]

1. d4 Nf6 2. Nf3 e6 3. c4 b6 4. g3 Bb7 5. Bg2 c5 6. O-O cxd4 7. Qxd4 Nc6 8. Qd3 d5 9. Nh4 Ne5 10. Qb3 Nxc4
11. Qc2 Rc8 12. Nc3 Be7 13. Rd1 O-O 14. e4 d4 15. Qe2 e5 16. Nd5 Nxd5 17. exd5 Bxh4 18. gxh4 Bxd5 19. b3 Bxg2 20. Kxg2 Qd5+
21. f3 Nd6 22. Qf2 Rc7 23. Qg3 Rfc8 24. Bg5 Rc2+ 25. Kh3 R8c3 26. Rf1 h5 27. Rf2 Rxf2
0-1

[Event "Tournament for new players"]
[Site "SchemingMind.com"]
[Date "2006.05.06"]
[Round "-"]
[White "carpediem"]
[Black "kirst"]
[Result "1-0"]
[WhiteCountry "USA"]
[BlackCountry "USA"]
[WhiteElo "1837"]
[WhiteRD "143"]
[BlackElo "1154"]
[BlackRD "177"]
[GameID "49757"]

1. e4 Nf6 2. e5 Ne4 3. d4 d6 4. Nf3 Bg4 5. Qd3 Bxf3 6. Qxf3 d5 7. Be2 e6 8. Qb3 Nc6 9. Qa4 Qd7 10. f3 Ng5
11. Bxg5 Be7 12. Bd2 O-O 13. O-O f6 14. f4
1-0

[Event "Tournament for new players"]
[Site "SchemingMind.com"]
[Date "2006.05.06"]
[Round "-"]
[White "carpediem"]
[Black "Alejandro Ramirez"]
[Result "1-0"]
[WhiteCountry "USA"]
[BlackCountry "CRC"]
[WhiteElo "1839"]
[WhiteRD "100"]
[BlackElo "1642"]
[BlackRD "125"]
[GameID "49759"]

1. e4 e5 2. Nf3 Nc6 3. Bb5 a6 4. Ba4 Nf6 5. Qe2 b5 6. Bb3 Bc5 7. h3 O-O 8. c3 h6= 9. d4 exd4 10. O-O Re8
11. Bc2 d5 12. cxd4 Bxd4 13. e5 Bxe5 14. Nxe5 Nxe5 15. b3
1-0

[Event "Tournament for new players"]
[Site "SchemingMind.com"]
[Date "2006.05.07"]
[Round "-"]
[White "McKnights"]
[Black "carpediem"]
[Result "1-0"]
[WhiteCountry "USA"]
[BlackCountry "USA"]
[WhiteElo "1801"]
[WhiteRD "67"]
[BlackElo "1814"]
[BlackRD "239"]
[GameID "49760"]

1. e4 e5 2. Nf3 Nc6 3. Nc3 g6 4. d4 exd4 5. Nxd4 Bg7 6. Be3 Nf6 7. Bc4 d6 8. Bg5 Qe7 9. Bb5 Bd7 10. O-O O-O
11. Nd5 Qe5 12. Nf3 Bg4 13. Nxe5 Bxd1 14. Nxf6+ Kh8 15. Bxc6 dxe5 16. Bxb7 Rad8 17. Nd5 f6 18. Bxf6 Bxf6 19. Raxd1 Rb8 20. Nxf6 Rxf6
21. Bd5 c6 22. Bb3 Rff8 23. Rd6 Rbc8 24. Rfd1
1-0

[Event "Tournament for new players"]
[Site "SchemingMind.com"]
[Date "2006.05.07"]
[Round "-"]
[White "pawngrabber"]
[Black "carpediem"]
[Result "1-0"]
[WhiteCountry "ENG"]
[BlackCountry "USA"]
[WhiteElo "1938"]
[WhiteRD "80"]
[BlackElo "1825"]
[BlackRD "85"]
[GameID "49761"]

1. d4 Nf6 2. c4 e6 3. Nc3 Bb4 4. a3 Bxc3+ 5. bxc3 d5 6. Bg5 h6 7. Bxf6 Qxf6 8. Nf3 c6 9. e3 Nd7 10. cxd5 e5
11. dxc6 bxc6 12. Be2 O-O 13. O-O e4 14. Nd2 Re8 15. c4 Qg5 16. Re1 Nf6 17. Rb1 Bh3 18. Bf1 Bf5 19. Qa4 Rec8 20. Rb7 Nd7
21. Rxa7 Rxa7 22. Qxa7 Qd8 23. Rb1 c5 24. d5 Ne5 25. Qb6 Qxb6 26. Rxb6 Ra8 27. Rb3 Ra4 28. Rc3 Ra6 29. Be2 Bg6 30. f3 exf3
31. gxf3 Bh5 32. Kf2 g5 33. Ne4 Nd7 34. Rb3 f5 35. Ng3 Bg6 36. e4 fxe4 37. fxe4 Ne5 38. Ke3 g4 39. Kf4 Nf7 40. e5 Kg7
41. Bxg4 Ra4 42. Be2 Ng5 43. Nf5+ Kh7 44. e6 Ra7 45. h4 Ra8 46. hxg5 hxg5+ 47. Kxg5 Rf8 48. Rh3+
1-0

[Event "Tournament for new players"]
[Site "SchemingMind.com"]
[Date "2006.05.06"]
[Round "-"]
[White "kirst"]
[Black "carpediem"]
[Result "0-1"]
[WhiteCountry "USA"]
[BlackCountry "USA"]
[WhiteElo "1154"]
[WhiteRD "177"]
[BlackElo "1837"]
[BlackRD "143"]
[GameID "49762"]

1. e4 c5 2. Bc4 e6 3. d4 a6 4. Nf3 b5 5. Bf1 f6 6. dxc5 Bxc5 7. Nc3 Nc6 8. Be3 Bxe3 9. fxe3 Qa5 10. Nd4 b4
11. Nxc6 dxc6 12. Ne2 b3+ 13. Nc3 bxc2 14. Qxc2 Nh6
0-1

[Event "Tournament for new players"]
[Site "SchemingMind.com"]
[Date "2006.05.08"]
[Round "-"]
[White "Alejandro Ramirez"]
[Black "carpediem"]
[Result "0-1"]
[WhiteCountry "CRC"]
[BlackCountry "USA"]
[WhiteElo "1642"]
[WhiteRD "125"]
[BlackElo "1839"]
[BlackRD "100"]
[GameID "49764"]

1. e4 Nf6 2. Bc4 d5 3. exd5 Nxd5 4. Nc3 c6 5. Nxd5 cxd5 6. Bb5+ Nc6 7. Ne2 Bd7 8. d4 a6 9. Bd3 e5 10. dxe5 Nxe5
11. O-O Bc5 12. Nf4 O-O 13. Qh5 Nxd3 14. Nxd3 Bd6 15. Qxd5 Be6 16. Qg5 Qxg5
0-1